Public sector property asset management (Record no. 115731)

MARC details
000 -LEADER
fixed length control field 00891cam a22002655a 4500
001 - CONTROL NUMBER
control field L159192
008 - FIXED-LENGTH DATA ELEMENTS--GENERAL INFORMATION
fixed length control field 160315s2016 xxk f 000 0 eng d
020 ## - INTERNATIONAL STANDARD BOOK NUMBER
International Standard Book Number 978111908576
035 ## - SYSTEM CONTROL NUMBER
System control number (Sirsi) u159192
041 0# - LANGUAGE CODE
Language code of text/sound track or separate title eng
050 04 - LIBRARY OF CONGRESS CALL NUMBER
Classification number 690.23
100 1# - MAIN ENTRY--PERSONAL NAME
Personal name Ngwira, Malawi
245 00 - TITLE STATEMENT
Title Public sector property asset management
260 ## - PUBLICATION, DISTRIBUTION, ETC.
Place of publication, distribution, etc. xi 193p ; 24 cm
520 ## - SUMMARY, ETC.
Summary, etc. Looks at the concept of asset management in the public sector, the development of asset management strategies and implementation of asset management practices in organisations. Concludes with advice on developing an asset management plan.
590 ## - LOCAL NOTE (RLIN)
Local note KA
650 24 - SUBJECT ADDED ENTRY--TOPICAL TERM
Topical term or geographic name entry element ASSET MANAGEMENT
650 24 - SUBJECT ADDED ENTRY--TOPICAL TERM
Topical term or geographic name entry element PUBLIC SECTOR
651 #4 - SUBJECT ADDED ENTRY--GEOGRAPHIC NAME
Geographic name ENGLAND AND WALES
690 ## - LOCAL SUBJECT ADDED ENTRY--TOPICAL TERM (OCLC, RLIN)
Topical term or geographic name as entry element Facilities management
9 (RLIN) 6240
690 ## - LOCAL SUBJECT ADDED ENTRY--TOPICAL TERM (OCLC, RLIN)
Topical term or geographic name as entry element Business and management
690 ## - LOCAL SUBJECT ADDED ENTRY--TOPICAL TERM (OCLC, RLIN)
Topical term or geographic name as entry element Investments
9 (RLIN) 6250
700 1# - ADDED ENTRY--PERSONAL NAME
Personal name Manase, David
942 ## - ADDED ENTRY ELEMENTS (KOHA)
Suppress in OPAC 0
Holdings
Withdrawn status Lost status Source of classification or shelving scheme Damaged status Not for loan Home library Current library Shelving location Date acquired Total Checkouts Full call number Barcode Date last seen Copy number Price effective from Koha item type
    Dewey Decimal Classification     London London Books 15/03/2016   690.23 NGW 30078983 06/08/2019 1 06/08/2019 Book